Sử dụng ánh sáng và nhiệt độ tự nhiên trong vi nhân giống cây gừng (Zingiber officinale Rosc.) : Luận văn Thạc sĩ Khoa học Nông nghiệp chuyên ngành Trồng trọt

Đề tài nghiên cứu việc sử dụng ánh sáng và nhiệt độ tự nhiên trong vi nhân giống cây gừng nhằm giảm chi phí sản xuất bằng cách sử dụng ánh sáng và nhiệt độ tự nhiên trong lồng kiếng thay thế phòng tăng trưởng trong giai đoạn nhân chồi...

Full beskrivning

Sparad:
Bibliografiska uppgifter
Huvudupphovsman: Lê, Thị Thanh Giang
Materialtyp: Bok
Språk:Undetermined
Publicerad: Cần Thơ Trường Đại học Cần Thơ 2011
Ämnen:
Taggar: Lägg till en tagg
Inga taggar, Lägg till första taggen!
Thư viện lưu trữ: Trung tâm Học liệu Trường Đại học Cần Thơ
LEADER 01322nam a2200217Ia 4500
001 CTU_171198
008 210402s9999 xx 000 0 und d
082 |a 633.83 
082 |b Gi106 
088 |a 606201 
100 |a Lê, Thị Thanh Giang 
245 0 |a Sử dụng ánh sáng và nhiệt độ tự nhiên trong vi nhân giống cây gừng (Zingiber officinale Rosc.) : 
245 0 |b Luận văn Thạc sĩ Khoa học Nông nghiệp chuyên ngành Trồng trọt 
245 0 |c Lê Thị Thanh Giang ; Lê Văn Bé ( Hướng dẫn khoa học ) 
260 |a Cần Thơ 
260 |b Trường Đại học Cần Thơ 
260 |c 2011 
520 |a Đề tài nghiên cứu việc sử dụng ánh sáng và nhiệt độ tự nhiên trong vi nhân giống cây gừng nhằm giảm chi phí sản xuất bằng cách sử dụng ánh sáng và nhiệt độ tự nhiên trong lồng kiếng thay thế phòng tăng trưởng trong giai đoạn nhân chồi và ra rễ. Và so sánh sinh trưởng của cây gừng cấy mô với cây tách từ củ 
650 |a Cây gừng,Ginger 
904 |i Tuyền, Hải 
980 |a Trung tâm Học liệu Trường Đại học Cần Thơ